[Event "Florianopolis op 9th"]
[Site "Florianopolis"]
[Date "2023.01.24"]
[Round "2"]
[White "Reichert, Thiago da Cruz"]
[Black "Mekhitarian, Krikor Sevag"]
[Result "0-1"]
[WhiteElo "1930"]
[BlackElo "2551"]
[PlyCount "54"]
[EventDate "2023.01.23"]
[EventType "swiss"]
[EventRounds "10"]
[EventCountry "BRA"]
[SourceTitle "CBM 212 Extra"]
[Source "ChessBase"]
[SourceDate "2023.03.31"]
[SourceVersion "1"]
[SourceVersionDate "2023.03.31"]
[SourceQuality "1"]

1. d4 Nf6 2. c4 e6 3. Nf3 d5 4. e3 Be7 5. Nc3 0-0 6. cxd5 exd5 7. Bd3 Bg4 8. 0-0 Nbd7 9. Rb1 a6 10. b4 Bd6 11. h3 Bh5 12. g4 Bg6 13. g5 Ne4 14. Nxd5 c6 15. Nf4 Bxf4 16. exf4 Nc3 17. Qc2 Bxd3 18. Qxd3 Nxb1 19. Qxb1 Nb6 20. Kg2 Qd5 21. h4 Rfe8 22. h5 Nc4 23. Kg3 Nd6 24. h6 Nf5+ 25. Kg4 g6 26. Qd3 Rad8 27. Be3 Qd7 0-1

[Event "Rio de Janeiro Duchamp op 4th"]
[Site "Rio de Janeiro"]
[Date "2022.12.09"]
[Round "3"]
[White "Da Silva, Camila Evaristo"]
[Black "Reichert, Thiago da Cruz"]
[Result "1-0"]
[WhiteElo "1684"]
[BlackElo "1968"]
[PlyCount "87"]
[EventDate "2022.12.07"]
[EventType "swiss"]
[EventRounds "9"]
[EventCountry "BRA"]
[SourceTitle "CBM 211 Extra"]
[Source "ChessBase"]
[SourceDate "2023.01.31"]
[SourceVersion "1"]
[SourceVersionDate "2023.01.31"]
[SourceQuality "1"]

1. d4 Nf6 2. Bf4 e6 3. e3 b6 4. Nf3 Bb7 5. c4 Bb4+ 6. Nbd2 0-0 7. a3 Be7 8. h3 c5 9. Be2 Nc6 10. 0-0 cxd4 11. exd4 d5 12. Rc1 Rc8 13. c5 a5 14. Nb1 Ne4 15. Qb3 g5 16. Bh2 f5 17. Rcd1 f4 18. Nc3 Nxc3 19. bxc3 Rb8 20. cxb6 Qd6 21. Rb1 Bc8 22. Bd3 Bd8 23. Qc2 Rf7 24. Rfe1 Rg7 25. c4 dxc4 26. Qxc4 Rxb6 27. Rxb6 Bxb6 28. Bf5 Ne7 29. Bxe6+ Bxe6 30. Rxe6 Qd5 31. Qxd5 Nxd5 32. Rd6 Rc7 33. Kh1 Bxd4 34. Rxd5 Bxf2 35. Rxg5+ Kh8 36. Rxa5 Rc1+ 37. Bg1 Ra1 38. a4 Kg7 39. Ra8 h5 40. a5 h4 41. a6 Kh7 42. a7 Kg7 43. Rc8 Bxg1 44. a8Q 1-0

[Event "BRA-ch U2000 Amateurs"]
[Site "Sao Paulo"]
[Date "2022.06.16"]
[Round "1"]
[White "De Oliveira, Jairo Quintiliano"]
[Black "Reichert, Thiago da Cruz"]
[Result "1/2-1/2"]
[WhiteElo "1736"]
[BlackElo "1997"]
[PlyCount "126"]
[EventDate "2022.06.16"]
[EventType "swiss"]
[EventRounds "7"]
[EventCountry "BRA"]
[SourceTitle "CBM 208 Extra"]
[Source "ChessBase"]
[SourceDate "2022.07.31"]
[SourceVersion "1"]
[SourceVersionDate "2022.07.31"]
[SourceQuality "1"]

1. e4 e6 2. d4 d5 3. Nc3 Nf6 4. Bg5 Be7 5. e5 Nfd7 6. h4 a6 7. Qg4 g6 8. f4 h5 9. Qg3 c5 10. dxc5 Nc6 11. 0-0-0 Nxc5 12. Nf3 b5 13. Bxe7 Qxe7 14. Ng5 b4 15. Ne2 a5 16. Nd4 Nxd4 17. Rxd4 a4 18. Bb5+ Kf8 19. Kb1 Rb8 20. Be2 Ba6 21. Bxa6 Nxa6 22. Rc1 Nc7 23. Qe1 Kg7 24. Nf3 Rhc8 25. Rd3 a3 26. b3 Nb5 27. Nd4 Nc3+ 28. Ka1 Rc5 29. g3 Rbc8 30. Qe3 Ne4 31. Kb1 Qc7 32. Qe1 Qb6 33. Ka1 Rc3 34. Qe3 Kg8 35. Kb1 Rxd3 36. cxd3 Rxc1+ 37. Kxc1 Nc3 38. Kd2 Nxa2 39. Nc2 Qxe3+ 40. Kxe3 Nc3 41. Nxb4 a2 42. Nc2 Kf8 43. Kd2 Nb5 44. Kc1 Nd4 45. Na1 Ne2+ 46. Kb2 Nxg3 47. Kxa2 Nf5 48. b4 Ke7 49. Ka3 Nxh4 50. b5 Nf5 51. Nb3 Kd7 52. Kb4 h4 53. Ka5 Ne7 54. Nd4 h3 55. Nf3 Kc7 56. Ka6 Nc8 57. Nh2 Nb6 58. Nf3 d4 59. Nh2 Nd5 60. Ka7 Ne7 61. Nf3 Nc8+ 62. Ka6 Kb8 63. Nh2 Ne7 1/2-1/2

[Event "Florianopolis Autumn op U2300"]
[Site "Florianopolis"]
[Date "2022.05.14"]
[Round "4"]
[White "Eger, Laura Luisa"]
[Black "Reichert, Thiago da Cruz"]
[Result "0-1"]
[WhiteElo "1733"]
[BlackElo "1986"]
[PlyCount "34"]
[EventDate "2022.05.13"]
[EventType "swiss"]
[EventRounds "6"]
[EventCountry "BRA"]
[SourceTitle "CBM 208 Extra"]
[Source "ChessBase"]
[SourceDate "2022.07.31"]
[SourceVersion "1"]
[SourceVersionDate "2022.07.31"]
[SourceQuality "1"]

1. e4 e6 2. d4 d5 3. Bd3 dxe4 4. Bxe4 Nf6 5. Bf3 c5 6. Ne2 Nc6 7. c3 Be7 8. 0-0 0-0 9. dxc5 Bxc5 10. Bg5 Ne5 11. Ng3 h6 12. Bf4 Qxd1 13. Bxd1 Nd3 14. Bc2 Nxb2 15. Nd2 Nd1 16. Rfxd1 b6 17. Nde4 Nxe4 0-1

[Event "Florianopolis Autumn op U2300"]
[Site "Florianopolis"]
[Date "2022.05.13"]
[Round "1"]
[White "Reichert, Thiago da Cruz"]
[Black "Woichinevski, Joao Vinicius Peruc"]
[Result "1/2-1/2"]
[WhiteElo "1986"]
[BlackElo "1713"]
[PlyCount "100"]
[EventDate "2022.05.13"]
[EventType "swiss"]
[EventRounds "6"]
[EventCountry "BRA"]
[SourceTitle "CBM 208 Extra"]
[Source "ChessBase"]
[SourceDate "2022.07.31"]
[SourceVersion "1"]
[SourceVersionDate "2022.07.31"]
[SourceQuality "1"]

1. d4 d5 2. c4 e6 3. Nc3 Nf6 4. Bg5 Nbd7 5. e3 c6 6. Nf3 Be7 7. Bd3 h6 8. Bh4 0-0 9. 0-0 Re8 10. Rc1 a6 11. h3 dxc4 12. Bxc4 b5 13. Bd3 c5 14. Ne4 c4 15. Bb1 Bb7 16. Nxf6+ Nxf6 17. Ne5 Rc8 18. f4 Qd5 19. Qc2 Ne4 20. Bxe7 Rxe7 21. f5 c3 22. Qxe4 Qxe4 23. Bxe4 Bxe4 24. fxe6 fxe6 25. Rxc3 Rxc3 26. bxc3 Rc7 27. Rc1 g5 28. g3 Kg7 29. a3 a5 30. c4 b4 31. axb4 axb4 32. c5 b3 33. Nc4 Ra7 34. c6 Bxc6 35. Rb1 Bd5 36. Nb6 Re7 37. Nxd5 exd5 38. Kf2 Kg6 39. Ke2 b2 40. g4 h5 41. Kf3 h4 42. Ke2 Re6 43. Kd2 Kf6 44. Kc2 Rxe3 45. Rxb2 Rxh3 46. Rb6+ Kf7 47. Rb7+ Kf6 48. Rb6+ Ke7 49. Rg6 Rg3 50. Rxg5 Ke6 1/2-1/2

[Event "Florianopolis op 6th"]
[Site "Florianopolis"]
[Date "2020.01.21"]
[Round "2"]
[White "Reichert, Thiago da Cruz"]
[Black "Do Valle Cardoso, Lucas"]
[Result "1/2-1/2"]
[WhiteElo "1948"]
[BlackElo "2228"]
[PlyCount "117"]
[EventDate "2020.01.20"]
[EventType "swiss"]
[EventRounds "10"]
[EventCountry "BRA"]
[SourceTitle "CBM 194 Extra"]
[Source "ChessBase"]
[SourceDate "2020.03.31"]
[SourceVersion "1"]
[SourceVersionDate "2020.03.31"]
[SourceQuality "1"]

1. d4 Nf6 2. c4 e6 3. Nc3 Bb4 4. Bd2 0-0 5. e3 d5 6. Nf3 c5 7. a3 Bxc3 8. bxc3 dxc4 9. Bxc4 b6 10. Qe2 Bb7 11. 0-0 Qc7 12. Ne5 Nc6 13. Nxc6 Bxc6 14. f3 Rfd8 15. Be1 Rac8 16. Bg3 Qe7 17. Rfc1 Bb7 18. h3 Ne8 19. a4 Nd6 20. Bd3 Nf5 21. Bf4 cxd4 22. cxd4 h6 23. a5 Rxc1+ 24. Rxc1 bxa5 25. Rc5 Rc8 26. Rxc8+ Bxc8 27. Qc2 Qd7 28. Bxf5 exf5 29. Qc5 a4 30. Bc7 a6 31. Ba5 Bb7 32. Bb4 Bd5 33. Kf2 Qb5 34. Kg3 Qxc5 35. Bxc5 g5 36. Kf2 f6 37. g3 Kf7 38. h4 Ke6 39. f4 Bc4 40. hxg5 fxg5 41. fxg5 hxg5 42. Ke1 Kd5 43. Kd2 Ke4 44. Be7 g4 45. Bd6 Kf3 46. Kc3 Bd5 47. Kb4 Bb3 48. Bf4 a5+ 49. Ka3 Ke4 50. Kb2 Kd3 51. Ka1 a3 52. Bg5 a4 53. Bh6 a2 54. Bg5 Ke2 55. Bh6 Kf2 56. Bf4 a3 57. Bb8 Kxe3 58. Bc7 Kxd4 59. Bb8 1/2-1/2

[Event "Florianopolis op 5th"]
[Site "Florianopolis"]
[Date "2019.01.24"]
[Round "5"]
[White "Reichert, Thiago da Cruz"]
[Black "Tramontini, Renan Cesar"]
[Result "1-0"]
[WhiteElo "1976"]
[BlackElo "1721"]
[PlyCount "83"]
[EventDate "2019.01.21"]
[EventType "swiss"]
[EventRounds "10"]
[EventCountry "BRA"]
[SourceTitle "CBM 188 Extra"]
[Source "ChessBase"]
[SourceDate "2019.02.26"]
[SourceVersion "1"]
[SourceVersionDate "2019.02.26"]
[SourceQuality "1"]

1. d4 c5 2. e3 Nf6 3. Nf3 g6 4. Be2 Bg7 5. 0-0 0-0 6. c4 d6 7. Nc3 Nbd7 8. Qc2 e5 9. Rd1 Qe7 10. dxe5 Nxe5 11. e4 h6 12. Bf4 g5 13. Bg3 Bg4 14. Nxe5 Bxe2 15. Qxe2 dxe5 16. Nd5 Nxd5 17. Rxd5 Rfd8 18. Rad1 Rxd5 19. Rxd5 Rd8 20. Qg4 Rxd5 21. cxd5 Qc7 22. h4 Bf6 23. f3 c4 24. hxg5 hxg5 25. Kh2 b5 26. Bf2 b4 27. Be3 c3 28. bxc3 bxc3 29. Bxg5 Bxg5 30. Qxg5+ Kf8 31. Qf6 Kg8 32. d6 Qd7 33. Qg5+ Kh7 34. Qe7 Qxe7 35. dxe7 c2 36. e8Q c1Q 37. Qxf7+ Kh8 38. Qf6+ Kg8 39. Qxe5 Qh6+ 40. Kg3 a6 41. f4 Qg6+ 42. Kf3 1-0

[Event "Florianopolis op 5th"]
[Site "Florianopolis"]
[Date "2019.01.23"]
[Round "4"]
[White "Peroza, Eduardo Antunes"]
[Black "Reichert, Thiago da Cruz"]
[Result "1/2-1/2"]
[WhiteElo "1745"]
[BlackElo "1976"]
[PlyCount "51"]
[EventDate "2019.01.21"]
[EventType "swiss"]
[EventRounds "10"]
[EventCountry "BRA"]
[SourceTitle "CBM 188 Extra"]
[Source "ChessBase"]
[SourceDate "2019.02.26"]
[SourceVersion "1"]
[SourceVersionDate "2019.02.26"]
[SourceQuality "1"]

1. e4 e6 2. d4 d5 3. Nd2 Nf6 4. e5 Nfd7 5. Bd3 c5 6. c3 Nc6 7. Ne2 Qb6 8. Nf3 a5 9. 0-0 Be7 10. Re1 a4 11. Bc2 a3 12. b3 cxd4 13. cxd4 Ndb8 14. Qd2 Nxd4 15. Nexd4 Nc6 16. Qf4 Nxd4 17. Be3 Bd7 18. Bxd4 Bc5 19. Rac1 Rc8 20. Bd3 Bxd4 21. Qxd4 Qxd4 22. Nxd4 Ke7 23. f4 f6 24. Kf2 fxe5 25. fxe5 Rhf8+ 26. Kg3 1/2-1/2

[Event "Florianopolis op 5th"]
[Site "Florianopolis"]
[Date "2019.01.22"]
[Round "2"]
[White "Perdomo, Leandro Daniel"]
[Black "Reichert, Thiago da Cruz"]
[Result "1-0"]
[WhiteElo "2470"]
[BlackElo "1976"]
[PlyCount "59"]
[EventDate "2019.01.21"]
[EventType "swiss"]
[EventRounds "10"]
[EventCountry "BRA"]
[SourceTitle "CBM 188 Extra"]
[Source "ChessBase"]
[SourceDate "2019.02.26"]
[SourceVersion "1"]
[SourceVersionDate "2019.02.26"]
[SourceQuality "1"]

1. d4 Nf6 2. c4 e6 3. Nc3 Bb4 4. g3 c6 5. Qb3 Bxc3+ 6. bxc3 0-0 7. Bg2 d5 8. Nf3 Nbd7 9. 0-0 Ne4 10. cxd5 exd5 11. c4 dxc4 12. Qxc4 Nb6 13. Qd3 Nd6 14. Ng5 Bf5 15. e4 f6 16. Nh3 Be6 17. d5 cxd5 18. exd5 Bf7 19. Nf4 Re8 20. Bh3 Nbc4 21. Ne6 Qa5 22. Bf4 g5 23. Bxd6 Nxd6 24. Qd4 Bxe6 25. dxe6 Qe5 26. Rad1 Rad8 27. Qd5 Qxd5 28. Rxd5 Nc4 29. Rxd8 Rxd8 30. e7 1-0

[Event "Florianopolis op 5th"]
[Site "Florianopolis"]
[Date "2019.01.22"]
[Round "3"]
[White "Reichert, Thiago da Cruz"]
[Black "Masselli, Eduardo"]
[Result "1-0"]
[WhiteElo "1976"]
[BlackElo "1700"]
[PlyCount "52"]
[EventDate "2019.01.21"]
[EventType "swiss"]
[EventRounds "10"]
[EventCountry "BRA"]
[SourceTitle "CBM 188 Extra"]
[Source "ChessBase"]
[SourceDate "2019.02.26"]
[SourceVersion "1"]
[SourceVersionDate "2019.02.26"]
[SourceQuality "1"]

1. d4 d5 2. c4 e6 3. Nc3 Nf6 4. Nf3 Nbd7 5. Bg5 Be7 6. e3 0-0 7. cxd5 exd5 8. Bd3 c6 9. 0-0 h6 10. Bh4 Ne4 11. Bxe7 Qxe7 12. Qc2 Re8 13. Rab1 a5 14. a3 Nxc3 15. Qxc3 a4 16. Bc2 Nf6 17. Rbc1 Ne4 18. Qd3 Bf5 19. Qd1 Nd6 20. Ne5 Bxc2 21. Qxc2 f6 22. Nd3 Qe4 23. Qd1 Nc4 24. Rb1 b6 25. Nb4 Re6 26. Re1 c5 1-0

[Event "Caioba Telecom op"]
[Site "Caioba"]
[Date "2017.09.30"]
[Round "6"]
[White "Reichert, Thiago da Cruz"]
[Black "Cordeiro da Silva, Felipe"]
[Result "0-1"]
[WhiteElo "1988"]
[BlackElo "1783"]
[PlyCount "60"]
[EventDate "2017.09.28"]
[EventType "swiss"]
[EventRounds "8"]
[EventCountry "BRA"]
[SourceTitle "EXT 2018"]
[Source "ChessBase"]
[SourceDate "2017.10.13"]
[SourceVersion "1"]
[SourceVersionDate "2017.10.13"]
[SourceQuality "1"]

1. d4 Nf6 2. c4 g6 3. Nc3 Bg7 4. e4 d6 5. f3 0-0 6. Be3 Nc6 7. Nge2 e5 8. Qd2 Re8 9. d5 Ne7 10. g4 a6 11. Ng3 c6 12. g5 Nd7 13. dxc6 Nxc6 14. Qxd6 Bf8 15. Qd2 Bb4 16. Rc1 Qa5 17. a3 Bxc3 18. Rxc3 Nf8 19. b4 Qc7 20. h4 Rd8 21. Qh2 Nd4 22. Kf2 a5 23. Be2 axb4 24. axb4 Ra2 25. Rhc1 Nfe6 26. Qh1 Nf4 27. Re1 Be6 28. Kf1 Bh3+ 29. Kg1 Rxe2 30. Rxe2 Ndxe2+ 0-1

[Event "Caioba Telecom op"]
[Site "Caioba"]
[Date "2017.09.28"]
[Round "1"]
[White "Ribeiro Pereira, Kevillyn Lorray"]
[Black "Reichert, Thiago da Cruz"]
[Result "0-1"]
[WhiteElo "1264"]
[BlackElo "1988"]
[PlyCount "52"]
[EventDate "2017.09.28"]
[EventType "swiss"]
[EventRounds "8"]
[EventCountry "BRA"]
[SourceTitle "EXT 2018"]
[Source "ChessBase"]
[SourceDate "2017.10.13"]
[SourceVersion "1"]
[SourceVersionDate "2017.10.13"]
[SourceQuality "1"]

1. e4 e6 2. Bc4 d5 3. Bb5+ c6 4. Bd3 e5 5. Nf3 Bd6 6. c3 Nf6 7. exd5 e4 8. Bc2 exf3 9. Qxf3 0-0 10. 0-0 Bg4 11. Qg3 Re8 12. Qd3 Be2 13. Qh3 Bxf1 14. Kxf1 Qe7 15. g3 Qe1+ 16. Kg2 Qxc1 17. Bd3 cxd5 18. Bb5 Nc6 19. a4 Qxb2 20. d4 Qxa1 21. Nd2 Qxc3 22. Nf3 a6 23. Bf1 Nxd4 24. Nh4 Re1 25. Nf5 Qf3+ 26. Kg1 Ne2# 0-1

[Event "Joinville op U220"]
[Site "Joinville"]
[Date "2017.02.19"]
[Round "6"]
[White "De Borba, Gabriel"]
[Black "Reichert, Thiago da Cruz"]
[Result "1-0"]
[WhiteElo "1861"]
[BlackElo "1980"]
[PlyCount "53"]
[EventDate "2017.02.17"]
[EventType "swiss"]
[EventRounds "7"]
[EventCountry "BRA"]
[SourceTitle "CBM 177 Extra"]
[Source "ChessBase"]
[SourceDate "2017.04.27"]
[SourceVersion "1"]
[SourceVersionDate "2017.04.27"]
[SourceQuality "1"]

1. e4 e6 2. d4 d5 3. Nd2 Be7 4. Ngf3 Nf6 5. e5 Nfd7 6. Bd3 c5 7. c3 Nc6 8. 0-0 g5 9. dxc5 g4 10. Nd4 Ndxe5 11. N2b3 Bd7 12. Re1 h5 13. Bf4 Nxd3 14. Qxd3 Nxd4 15. cxd4 Bg5 16. Be5 Rh6 17. a4 f5 18. Nc1 Kf7 19. Qe2 h4 20. Nd3 Kg8 21. b3 Qe8 22. Bf4 Bxf4 23. Nxf4 Qf7 24. Qe5 Rd8 25. Re3 Qf6 26. Qd6 Bc8 27. Nxd5 1-0

[Event "Joinville op U220"]
[Site "Joinville"]
[Date "2017.02.19"]
[Round "7"]
[White "Reichert, Thiago da Cruz"]
[Black "Venter, Paulo Regis"]
[Result "1-0"]
[WhiteElo "1980"]
[BlackElo "1677"]
[PlyCount "77"]
[EventDate "2017.02.17"]
[EventType "swiss"]
[EventRounds "7"]
[EventCountry "BRA"]
[SourceTitle "CBM 177 Extra"]
[Source "ChessBase"]
[SourceDate "2017.04.27"]
[SourceVersion "1"]
[SourceVersionDate "2017.04.27"]
[SourceQuality "1"]

1. d4 Nf6 2. c4 e6 3. a3 d5 4. Bf4 c5 5. e3 Bd6 6. Bg5 Qa5+ 7. Qd2 Qxd2+ 8. Nxd2 Nbd7 9. Ngf3 0-0 10. Be2 b6 11. 0-0 Bb7 12. Rac1 Rac8 13. Rfd1 h6 14. Bh4 Rfe8 15. dxc5 bxc5 16. cxd5 exd5 17. Bb5 g5 18. Bg3 Bxg3 19. hxg3 a6 20. Ba4 Re7 21. Bc2 Ne4 22. Nxe4 dxe4 23. Nd2 f5 24. Nc4 Rf8 25. Ba4 Ne5 26. Nxe5 Rxe5 27. Rd7 Bc8 28. Rc7 Rd8 29. R7xc5 Rxc5 30. Rxc5 Kg7 31. Bc2 Kg6 32. g4 fxg4 33. Bxe4+ Kh5 34. Rc6 Rg8 35. Bd5 Rf8 36. Rd6 Rh8 37. Bf7+ Kh4 38. g3+ Kh3 39. Bd5 1-0